00471pab a2200145 454500008004000000100002100040245007500061260000900136300001500145362001200160650004100172650004200213650002600255773004400281180718b1991 xxu||||| |||| 00| 0 eng d aVillanueva, A.B. aPolitical changes and value conflicts in American civil service reform c1991 ap.660-676. aOct-Dec aCivil service reform - United States aAdministrative reform - United States aAdministrative reform aIndian Journal of Public Administration